| 000 | 00977nam a2200289 i 4500 | ||
|---|---|---|---|
| 003 | EG-ScBUE | ||
| 005 | 20231012095022.0 | ||
| 008 | 170718s1991 ua f 000 0bara d | ||
| 040 |
_aEG-ScBUE _bara _erda _dEG-ScBUE _cEG-ScBUE |
||
| 043 | _af-ua--- | ||
| 082 | 0 | 4 |
_a923.1 _bز ن د _222 |
| 100 | 1 |
_aزند، عزيز، _eمؤلف. |
|
| 245 | 1 | 0 |
_aتاريخ الخديوي محمد باشا توفيق / _cتأليف عزيز زند. |
| 264 | 1 |
_aالقاهرة : _bمكتبة مدبولي، _c1991. |
|
| 300 |
_a212 صفحة ؛ _c24 سم. |
||
| 336 |
_2rdacontent _aنص _btxt |
||
| 337 |
_2rdamedia _aبدون وسيط _bn |
||
| 338 |
_2rdacarrier _aمجلد _bnc |
||
| 490 | 0 |
_aصفحات من تاريخ مصر ؛ _v15 |
|
| 590 | _aسامح | ||
| 600 | 0 | 7 |
_aتوفيق، _cخديوي مصر، _d1892-1852. _2BUEsh |
| 650 | _2BUEsh | ||
| 651 | 7 |
_2BUEsh _aمصر _xملوك وحكام _vتراجم. |
|
| 653 |
_bGGEN _cJuly2017 |
||
| 655 | _vReading book | ||
| 942 | _2ddc | ||
| 999 |
_c25045 _d25017 |
||